000 00522nam a2200193Ia 4500
005 20250213050125.0
008 240331s9999 xx 000 0 und d
020 _a8176254606
082 _bSIN
_21951
_a305.4
100 _aSingh, K. D
245 0 _aFeminism and Postfeminism:
_bThe Context of Modern Indian Women Poets Writing in English
260 _aNew Delhi
_bSarup & Sons
_c2004
300 _a165 p.,
650 _aPost Modernism
650 _aFeminism
650 _aWomen Poets
650 _aGender
942 _cL
999 _c1703
_d1703